00919cam a2200301 a 45000010005000000030006000050050017000110080041000280100017000690200017000860200017001030400023001200500014001430820008001571000025001652450063001902600035002533000057002884400027003455000023003725050007003955200108004025210018005105210018005286500019005466500019005657000033005845767FISKH20250121113008.0940923s1995 nyua j 000 1 eng  a 94038908  a0590221965 : a078073003990 aDLCcDLCdDLCbeng aPZ7.H4315 a1561 aHerman, Gail,d1959-10aMy dog talks /cby Gail Herman ; illustrated by Ron Fritz. aNew York :bScholastic,c1995. a28 unnumbered pages : bcolor illustrator ; c23 cm  0aHello reader!nLevel 1 a"Cartwheel Books." aE  aA young boy describes how his new dog Sam talks to him, how they play together, and what pals they are.8 a290 bLexile 8 aE bRaz-Plus  1aDogsxFiction. 1aPetsxFiction.1 aFritz, Ronald,eillustrator